[Event "Titled Tuesday intern op 06th Feb Early"]
[Site "Chess.com INT"]
[Date "2024.02.06"]
[Round "6"]
[White "Chernobay, Artem"]
[Black "Ovezdurdiyeva, Jemal"]
[Result "1-0"]
[WhiteElo "2454"]
[BlackElo "2057"]
[PlyCount "33"]
[EventDate "2024.02.06"]
[EventType "swiss (blitz)"]
[EventRounds "11"]
[EventCountry "USA"]
[SourceTitle "CB07_2024"]
[SourceDate "2024.02.14"]
[SourceVersion "1"]
[SourceVersionDate "2024.02.14"]
[SourceQuality "1"]

1. d4 Nf6 2. c4 e6 3. Nf3 b6 4. g3 Bb7 5. Bg2 Be7 6. 0-0 0-0 7. d5 exd5 8. Nh4 c6 9. cxd5 Nxd5 10. Nf5 Re8 11. e4 Nf6 12. e5 Nd5 13. Nc3 Bf8 14. Nxd5 cxd5 15. Bxd5 Bxd5 16. Qxd5 Qc7 17. Qxa8 1-0

[Event "Titled Tuesday intern op 06th Feb Early"]
[Site "Chess.com INT"]
[Date "2024.02.06"]
[Round "7"]
[White "Ilamparthi, AR."]
[Black "Chernobay, Artem"]
[Result "1-0"]
[WhiteElo "2414"]
[BlackElo "2454"]
[PlyCount "43"]
[EventDate "2024.02.06"]
[EventType "swiss (blitz)"]
[EventRounds "11"]
[EventCountry "USA"]
[SourceTitle "CB07_2024"]
[SourceDate "2024.02.14"]
[SourceVersion "1"]
[SourceVersionDate "2024.02.14"]
[SourceQuality "1"]

1. e4 e6 2. d3 d5 3. Nd2 Nf6 4. Ngf3 c5 5. g3 Nc6 6. Bg2 Be7 7. 0-0 0-0 8. Re1 b5 9. e5 Nd7 10. Nf1 b4 11. h4 a5 12. Bf4 a4 13. a3 bxa3 14. bxa3 Nd4 15. Nxd4 cxd4 16. Nh2 Ba6 17. Qg4 Re8 18. Nf3 Qb6 19. h5 Rac8 20. Bh6 g6 21. hxg6 fxg6 22. Rab1 1-0

[Event "Titled Tuesday intern op 06th Feb Early"]
[Site "Chess.com INT"]
[Date "2024.02.06"]
[Round "1"]
[White "Kiseleva, Simona"]
[Black "Chernobay, Artem"]
[Result "0-1"]
[WhiteElo "2174"]
[BlackElo "2454"]
[PlyCount "98"]
[EventDate "2024.02.06"]
[EventType "swiss (blitz)"]
[EventRounds "11"]
[EventCountry "USA"]
[SourceTitle "CB07_2024"]
[SourceDate "2024.02.14"]
[SourceVersion "1"]
[SourceVersionDate "2024.02.14"]
[SourceQuality "1"]

1. d4 g6 2. c4 Bg7 3. e4 c5 4. d5 e6 5. Nf3 d6 6. Be2 Ne7 7. 0-0 0-0 8. Qc2 a6 9. Nc3 exd5 10. exd5 Bf5 11. Qd1 Nd7 12. Nh4 Nf6 13. h3 Bd7 14. Bg5 h6 15. Be3 Re8 16. Qd2 g5 17. Nf3 Nf5 18. Bd3 Nxe3 19. fxe3 Nh5 20. Qf2 f5 21. Nd2 f4 22. Bg6 fxe3 23. Qf7+ Kh8 24. Bxh5 exd2 25. Rad1 Rf8 26. Qg6 Rxf1+ 27. Rxf1 Be8 28. Qxe8+ Qxe8 29. Bxe8 Rxe8 30. Nd1 Bd4+ 31. Kh2 Re1 32. Rh1 Be5+ 33. g3 Re2+ 34. Kg1 Bxg3 35. Kf1 Re1+ 36. Kg2 Rxh1 37. Kxh1 h5 38. Kg2 Bf4 39. Kf3 Kg7 40. h4 Kf6 41. Ke4 Bg3 42. hxg5+ Kxg5 43. Kf3 h4 44. b3 Bf4 45. Nf2 Kf5 46. Nd1 h3 47. Nf2 h2 48. Ke2 Bg3 49. Nh1 Be1 0-1

[Event "Titled Tuesday intern op 05th Sep Early"]
[Site "Chess.com INT"]
[Date "2023.09.05"]
[Round "6"]
[White "Chernobay, Artem"]
[Black "Bowden, Karl"]
[Result "1-0"]
[WhiteElo "2454"]
[BlackElo "2348"]
[PlyCount "61"]
[EventDate "2023.09.05"]
[EventType "swiss (blitz)"]
[EventRounds "11"]
[EventCountry "USA"]
[SourceTitle "EXT 2024"]
[Source "ChessBase"]
[SourceDate "2023.10.10"]
[SourceVersion "1"]
[SourceVersionDate "2023.10.10"]
[SourceQuality "1"]

1. e4 e5 2. Nc3 Bb4 3. Nd5 Bc5 4. Qg4 Kf8 5. Qg3 c6 6. Nc3 d6 7. Nf3 Nf6 8. Be2 Nh5 9. Qh4 Qxh4 10. Nxh4 Nf4 11. Bf3 Ng6 12. Nxg6+ hxg6 13. d3 f5 14. Bg5 Nd7 15. h4 Nf6 16. g3 Be6 17. Rf1 Kf7 18. 0-0-0 fxe4 19. Nxe4 Nxe4 20. dxe4 a5 21. a3 a4 22. Be2 Bh3 23. Rg1 Be6 24. Rg2 Rhe8 25. Rh2 Kg8 26. h5 gxh5 27. Bxh5 Bf7 28. Be2 d5 29. Rdh1 Be6 30. Bh5 Rec8 31. Bg6 1-0

[Event "Titled Tuesday intern op 05th Sep Early"]
[Site "Chess.com INT"]
[Date "2023.09.05"]
[Round "2"]
[White "Marin, Sebastian"]
[Black "Chernobay, Artem"]
[Result "0-1"]
[WhiteElo "2308"]
[BlackElo "2454"]
[PlyCount "58"]
[EventDate "2023.09.05"]
[EventType "swiss (blitz)"]
[EventRounds "11"]
[EventCountry "USA"]
[SourceTitle "EXT 2024"]
[Source "ChessBase"]
[SourceDate "2023.10.10"]
[SourceVersion "1"]
[SourceVersionDate "2023.10.10"]
[SourceQuality "1"]

1. d4 Nf6 2. c4 e6 3. Nf3 d5 4. e3 b6 5. cxd5 exd5 6. Nc3 Bb7 7. Be2 Nbd7 8. 0-0 a6 9. Ne5 Bd6 10. f4 0-0 11. Bf3 Re8 12. g4 Ne4 13. Bd2 c5 14. Be1 Qe7 15. Ne2 f6 16. Nxd7 Qxd7 17. Bxe4 Rxe4 18. Ng3 Rxe3 19. Bf2 Ree8 20. Qd2 Qxg4 21. Be3 h5 22. Kh1 h4 23. Ne2 h3 24. Ng3 Re7 25. Rae1 Rae8 26. Qf2 cxd4 27. Bd2 Rxe1 28. Rxe1 Rxe1+ 29. Bxe1 Bxf4 0-1

[Event "Moscow op-A 19th"]
[Site "Moscow"]
[Date "2023.07.22"]
[Round "7"]
[White "Chernobay, Artem"]
[Black "Mochalov, Dmitriy"]
[Result "1-0"]
[WhiteElo "2467"]
[BlackElo "2069"]
[PlyCount "101"]
[EventDate "2023.07.17"]
[EventType "swiss"]
[EventRounds "9"]
[EventCountry "RUS"]
[SourceTitle "CBM 215 Extra"]
[Source "ChessBase"]
[SourceDate "2023.09.30"]
[SourceVersion "1"]
[SourceVersionDate "2023.09.30"]
[SourceQuality "1"]

1. e4 c5 2. Nf3 e6 3. d4 cxd4 4. Nxd4 Nc6 5. Nc3 Qc7 6. f4 a6 7. Be3 d6 8. g4 Nxd4 9. Qxd4 Ne7 10. 0-0-0 Nc6 11. Qb6 Qb8 12. Na4 Be7 13. Qb3 d5 14. exd5 exd5 15. Rxd5 Bxg4 16. Nb6 Be6 17. Bc4 Bxd5 18. Bxd5 0-0 19. Nxa8 Qxa8 20. Rg1 Kh8 21. Bxf7 Qb8 22. Bd5 Qc7 23. Kb1 Bf6 24. a3 Re8 25. Rd1 b5 26. Qd3 Na5 27. Bd4 Qxf4 28. Qc3 Qg4 29. Re1 Rxe1+ 30. Qxe1 Qd7 31. Bxf6 gxf6 32. Qe4 Nc4 33. Bxc4 bxc4 34. Qxc4 Qd6 35. Qf7 a5 36. Ka2 Qc5 37. Qxf6+ Kg8 38. Qe6+ Kg7 39. c4 Qf2 40. Qe5+ Kh6 41. c5 Qf7+ 42. Kb1 Qf1+ 43. Kc2 a4 44. Kc3 Qb5 45. h4 Kg6 46. Qg5+ Kf7 47. Qd5+ Kg7 48. Qc4 Qc6 49. Kb4 Qb7+ 50. Kxa4 Qxb2 51. c6 1-0

[Event "Moscow op-A 19th"]
[Site "Moscow"]
[Date "2023.07.20"]
[Round "5"]
[White "Chernobay, Artem"]
[Black "Kataev, Aleksandr"]
[Result "1-0"]
[WhiteElo "2467"]
[BlackElo "2264"]
[PlyCount "77"]
[EventDate "2023.07.17"]
[EventType "swiss"]
[EventRounds "9"]
[EventCountry "RUS"]
[SourceTitle "CBM 215 Extra"]
[Source "ChessBase"]
[SourceDate "2023.09.30"]
[SourceVersion "1"]
[SourceVersionDate "2023.09.30"]
[SourceQuality "1"]

1. e4 c5 2. Nf3 Nc6 3. Bb5 g6 4. Bxc6 bxc6 5. 0-0 Bg7 6. Re1 Nh6 7. c3 0-0 8. d4 cxd4 9. cxd4 d5 10. e5 f6 11. Nbd2 fxe5 12. Nxe5 Bxe5 13. dxe5 Qb6 14. Nf3 Nf5 15. Qd2 a5 16. b3 a4 17. b4 a3 18. Rb1 d4 19. Ng5 c5 20. Qc2 cxb4 21. Bd2 h6 22. Rxb4 Qa6 23. Qb3+ Kh8 24. Nf7+ Kh7 25. e6 Qc6 26. Nxh6 Ne3 27. fxe3 Bxe6 28. Rb6 Bxb3 29. Rxc6 Ba4 30. Rc7 Kxh6 31. exd4+ Kg7 32. Rexe7+ Kf6 33. Bh6 Rfe8 34. Bg7+ Kf5 35. Rc5+ Kg4 36. h3+ Kg3 37. Rc3+ Kf4 38. Bh6+ Kf5 39. Rf3# 1-0

[Event "Moscow op-A 19th"]
[Site "Moscow"]
[Date "2023.07.19"]
[Round "3"]
[White "Chernobay, Artem"]
[Black "Artelnykh, Leonid"]
[Result "1-0"]
[WhiteElo "2467"]
[BlackElo "1603"]
[PlyCount "51"]
[EventDate "2023.07.17"]
[EventType "swiss"]
[EventRounds "9"]
[EventCountry "RUS"]
[SourceTitle "CBM 215 Extra"]
[Source "ChessBase"]
[SourceDate "2023.09.30"]
[SourceVersion "1"]
[SourceVersionDate "2023.09.30"]
[SourceQuality "1"]

1. e4 c5 2. Nf3 d6 3. d4 cxd4 4. Qxd4 Nc6 5. Bb5 Bd7 6. Bxc6 Bxc6 7. Nc3 e5 8. Qd3 Nf6 9. Bg5 h6 10. Bxf6 Qxf6 11. Nb5 Qd8 12. 0-0-0 f6 13. Qb3 Qd7 14. Nc3 Rc8 15. Nh4 a5 16. a4 Qf7 17. Nd5 g6 18. Kb1 Be7 19. Rhe1 Bd8 20. g3 0-0 21. Nxg6 Bxa4 22. Nde7+ Bxe7 23. Nxe7+ Kg7 24. Qxf7+ Kxf7 25. Nxc8 Rxc8 26. b3 1-0

[Event "Titled Tuesday intern op 13th Jun Late"]
[Site "Chess.com INT"]
[Date "2023.06.13"]
[Round "9"]
[White "Ansh, M Shah"]
[Black "Chernobay, Artem"]
[Result "0-1"]
[WhiteElo "2156"]
[BlackElo "2484"]
[PlyCount "86"]
[EventDate "2023.06.13"]
[EventType "swiss (blitz)"]
[EventRounds "11"]
[EventCountry "USA"]
[SourceTitle "EXT 2024"]
[Source "ChessBase"]
[SourceDate "2023.10.10"]
[SourceVersion "1"]
[SourceVersionDate "2023.10.10"]
[SourceQuality "1"]

1. d4 Nf6 2. c4 g6 3. h4 Bg7 4. Nc3 0-0 5. e4 d6 6. Be2 c5 7. d5 e6 8. h5 a6 9. a4 exd5 10. exd5 Re8 11. Kf1 Nbd7 12. h6 Bh8 13. Nf3 Ng4 14. Bf4 Nde5 15. Nxe5 Nxe5 16. Ra3 Bd7 17. f3 Rb8 18. Ne4 Bf5 19. Ng3 Bd7 20. Ne4 Qe7 21. Bg5 f6 22. Bh4 Qf8 23. Bg3 f5 24. Ng5 Qe7 25. f4 Ng4 26. Bxg4 fxg4 27. Kg1 Bxb2 28. Ra2 Bf6 29. Bh4 Qe3+ 30. Rf2 g3 31. Bxg3 Qxg3 32. Rh3 Bxh3 33. Nxh3 Bd4 34. Qf3 Qxf3 35. gxf3 b5 36. Ng5 bxa4 37. Ne4 Rxe4 38. fxe4 a3 39. Kg2 Bxf2 40. Kxf2 a2 41. e5 a1Q 42. exd6 Qc3 43. d7 Rb2+ 0-1

[Event "Titled Tuesday intern op 13th Jun Early"]
[Site "Chess.com INT"]
[Date "2023.06.13"]
[Round "1"]
[White "Bommini, Mounika Akshaya"]
[Black "Chernobay, Artem"]
[Result "0-1"]
[WhiteElo "2094"]
[BlackElo "2484"]
[PlyCount "32"]
[EventDate "2023.06.13"]
[EventType "swiss (blitz)"]
[EventRounds "11"]
[EventCountry "USA"]
[SourceTitle "EXT 2024"]
[Source "ChessBase"]
[SourceDate "2023.10.10"]
[SourceVersion "1"]
[SourceVersionDate "2023.10.10"]
[SourceQuality "1"]

1. d4 Nf6 2. c4 g6 3. Nc3 Bg7 4. e4 d6 5. f4 0-0 6. Nf3 e5 7. d5 exf4 8. Bxf4 Nxe4 9. Nxe4 Re8 10. Bd3 f5 11. Qc2 fxe4 12. Bxe4 Bf5 13. Nd2 Bxe4 14. Nxe4 Qh4+ 15. g3 Qe7 16. 0-0-0 Qxe4 0-1

[Event "Titled Tuesday intern op 13th Jun Early"]
[Site "Chess.com INT"]
[Date "2023.06.13"]
[Round "5"]
[White "Chernobay, Artem"]
[Black "Beerdsen, Thomas"]
[Result "0-1"]
[WhiteElo "2484"]
[BlackElo "2520"]
[PlyCount "82"]
[EventDate "2023.06.13"]
[EventType "swiss (blitz)"]
[EventRounds "11"]
[EventCountry "USA"]
[SourceTitle "EXT 2024"]
[Source "ChessBase"]
[SourceDate "2023.10.10"]
[SourceVersion "1"]
[SourceVersionDate "2023.10.10"]
[SourceQuality "1"]

1. d4 Nf6 2. c4 a6 3. Nc3 b5 4. cxb5 axb5 5. Nxb5 e5 6. dxe5 Ne4 7. Nc3 Bb4 8. Bd2 Nxd2 9. Qxd2 0-0 10. Nf3 Bb7 11. g3 Nc6 12. Bg2 Nxe5 13. 0-0 Nc4 14. Qc2 Rb8 15. a3 Be7 16. b4 Bf6 17. Qb3 d5 18. Rfd1 Qe7 19. Rac1 c6 20. e4 Rfd8 21. exd5 cxd5 22. Nd4 g6 23. Nxd5 Bxd5 24. Bxd5 Rxd5 25. Nc6 Rxd1+ 26. Rxd1 Qe2 27. Nxb8 Nd2 28. Rxd2 Qxd2 29. Nc6 Qc1+ 30. Kg2 Qxc6+ 31. Qf3 Qd6 32. Qe4 Bd4 33. b5 Bb6 34. a4 Qc5 35. Qf3 Kg7 36. h4 h5 37. Qe2 Qd4 38. Qc2 Qd5+ 39. Kg1 Qe5 40. Kg2 Kh7 41. f3 Qd4 0-1

[Event "Titled Tuesday intern op 13th Jun Late"]
[Site "Chess.com INT"]
[Date "2023.06.13"]
[Round "3"]
[White "Chernobay, Artem"]
[Black "Bettalli, Francesco"]
[Result "1-0"]
[WhiteElo "2484"]
[BlackElo "2270"]
[PlyCount "91"]
[EventDate "2023.06.13"]
[EventType "swiss (blitz)"]
[EventRounds "11"]
[EventCountry "USA"]
[SourceTitle "EXT 2024"]
[Source "ChessBase"]
[SourceDate "2023.10.10"]
[SourceVersion "1"]
[SourceVersionDate "2023.10.10"]
[SourceQuality "1"]

1. d4 f5 2. Nf3 g6 3. g3 Bg7 4. Bg2 d6 5. 0-0 Nf6 6. c4 0-0 7. Nc3 c6 8. Re1 Qe8 9. e4 fxe4 10. Nxe4 Nxe4 11. Rxe4 e5 12. dxe5 dxe5 13. Re1 Bg4 14. h3 Bxf3 15. Bxf3 Qf7 16. Kg2 Nd7 17. Be3 Rad8 18. Be2 e4 19. Qc2 Nf6 20. Rad1 Qe7 21. a3 b6 22. b4 Rxd1 23. Rxd1 Rd8 24. Rxd8+ Qxd8 25. c5 b5 26. a4 a6 27. axb5 axb5 28. Qa2+ Nd5 29. Bg4 Kh8 30. Bd2 Qe8 31. Qb3 h5 32. Be2 Bd4 33. Bxb5 e3 34. fxe3 Qe4+ 35. Kh2 cxb5 36. exd4 Qe2+ 37. Kh1 Qf1+ 38. Kh2 Qf2+ 39. Kh1 Qf1+ 40. Kh2 Qe2+ 41. Kg1 Nf6 42. Qe3 Qd1+ 43. Qe1 Qf3 44. Qe5 Qd1+ 45. Be1 Kg7 46. Kg2 1-0

[Event "Titled Tuesday intern op 13th Jun Early"]
[Site "Chess.com INT"]
[Date "2023.06.13"]
[Round "6"]
[White "Chernobay, Artem"]
[Black "Mogirzan, Matei Valeriu"]
[Result "1-0"]
[WhiteElo "2484"]
[BlackElo "1813"]
[PlyCount "43"]
[EventDate "2023.06.13"]
[EventType "swiss (blitz)"]
[EventRounds "11"]
[EventCountry "USA"]
[SourceTitle "EXT 2024"]
[Source "ChessBase"]
[SourceDate "2023.10.10"]
[SourceVersion "1"]
[SourceVersionDate "2023.10.10"]
[SourceQuality "1"]

1. d4 Nf6 2. c4 e6 3. Nf3 a5 4. g3 d5 5. Nbd2 Bb4 6. a3 Bxd2+ 7. Nxd2 dxc4 8. e3 Qd5 9. Rg1 0-0 10. Bxc4 Qd7 11. g4 b5 12. g5 Nd5 13. Bd3 c5 14. Ne4 c4 15. Nf6+ Nxf6 16. gxf6 g6 17. Qh5 Kh8 18. Qh6 Rg8 19. Rg4 Qd5 20. Qxh7+ Kxh7 21. Rh4+ Qh5 22. Rxh5# 1-0

[Event "Titled Tuesday intern op 13th Jun Early"]
[Site "Chess.com INT"]
[Date "2023.06.13"]
[Round "2"]
[White "Chernobay, Artem"]
[Black "Nguyen, Ngoc Truong Son"]
[Result "1-0"]
[WhiteElo "2484"]
[BlackElo "2645"]
[PlyCount "125"]
[EventDate "2023.06.13"]
[EventType "swiss (blitz)"]
[EventRounds "11"]
[EventCountry "USA"]
[SourceTitle "EXT 2024"]
[Source "ChessBase"]
[SourceDate "2023.10.10"]
[SourceVersion "1"]
[SourceVersionDate "2023.10.10"]
[SourceQuality "1"]

1. d4 d6 2. Nf3 g6 3. e4 Bg7 4. c4 c5 5. d5 e6 6. Bd3 Ne7 7. 0-0 0-0 8. Nc3 exd5 9. cxd5 Bg4 10. Bg5 h6 11. Bh4 Nd7 12. Be2 g5 13. Bg3 Bxf3 14. Bxf3 Ne5 15. Bg4 a6 16. f4 gxf4 17. Bxf4 N7g6 18. Bg3 Qg5 19. Bf5 h5 20. Kh1 b5 21. Ne2 h4 22. Bf2 Rae8 23. Ng1 Nf4 24. g3 hxg3 25. Bxg3 Nh5 26. Bf2 Nf4 27. Bg3 Neg6 28. Qc1 Be5 29. Nf3 Qh5 30. Nxe5 dxe5 31. Qxc5 Kg7 32. d6 Ne2 33. Qf2 Rd8 34. d7 Nd4 35. Rad1 Rh8 36. Rd2 Nxf5 37. exf5 Nf4 38. Bxf4 exf4 39. Qxf4 Rh6 40. f6+ Kh7 41. Rg1 Kh8 42. Qe4 Rxf6 43. Qe8+ Kh7 44. Qe4+ Rg6 45. Rxg6 fxg6 46. Qe7+ Kh6 47. Qxd8 Qf3+ 48. Kg1 Qe3+ 49. Rf2 Qe1+ 50. Kg2 Qe4+ 51. Kf1 Qb1+ 52. Kg2 Qe4+ 53. Rf3 Qe2+ 54. Kg3 Qe5+ 55. Kf2 Qxb2+ 56. Ke3 Qe5+ 57. Kd2 Qb2+ 58. Ke3 Qe5+ 59. Kd3 Qd5+ 60. Ke2 Qxa2+ 61. Kf1 Qb1+ 62. Kg2 Qa2+ 63. Kg3 1-0

[Event "Titled Tuesday intern op 13th Jun Late"]
[Site "Chess.com INT"]
[Date "2023.06.13"]
[Round "11"]
[White "Fernandez Guillen, Ernesto J"]
[Black "Chernobay, Artem"]
[Result "1-0"]
[WhiteElo "2467"]
[BlackElo "2484"]
[PlyCount "73"]
[EventDate "2023.06.13"]
[EventType "swiss (blitz)"]
[EventRounds "11"]
[EventCountry "USA"]
[SourceTitle "EXT 2024"]
[Source "ChessBase"]
[SourceDate "2023.10.10"]
[SourceVersion "1"]
[SourceVersionDate "2023.10.10"]
[SourceQuality "1"]

1. e4 e6 2. Nf3 d5 3. Nc3 Nf6 4. e5 Nfd7 5. d4 c5 6. Ne2 Nc6 7. c3 b5 8. h4 b4 9. Nf4 h6 10. Bd3 bxc3 11. bxc3 cxd4 12. cxd4 Bb4+ 13. Kf1 0-0 14. Be3 a5 15. Kg1 Ba6 16. Bc2 Bc3 17. Rc1 Nb4 18. Bb1 Bb2 19. Rc2 Ba3 20. Rc3 Bb2 21. Rb3 Ba1 22. Rh3 Rc8 23. Rg3 Kh8 24. a3 Nb6 25. axb4 a4 26. Ra3 Bb2 27. Ra2 a3 28. Nh5 Rg8 29. Ng5 Qe7 30. Qf3 Rc7 31. Nf6 Nc4 32. Bf4 Nb6 33. Nxg8 Kxg8 34. Nh7 Kh8 35. Nf6 Bc1 36. Rxg7 Kxg7 37. Qg4+ 1-0

[Event "Titled Tuesday intern op 13th Jun Early"]
[Site "Chess.com INT"]
[Date "2023.06.13"]
[Round "7"]
[White "Horvath, Dominik"]
[Black "Chernobay, Artem"]
[Result "1-0"]
[WhiteElo "2523"]
[BlackElo "2484"]
[PlyCount "71"]
[EventDate "2023.06.13"]
[EventType "swiss (blitz)"]
[EventRounds "11"]
[EventCountry "USA"]
[SourceTitle "EXT 2024"]
[Source "ChessBase"]
[SourceDate "2023.10.10"]
[SourceVersion "1"]
[SourceVersionDate "2023.10.10"]
[SourceQuality "1"]

1. e4 e6 2. Qe2 c5 3. Kd1 Nc6 4. Qe1 g6 5. Nf3 Bg7 6. c3 Nge7 7. Na3 0-0 8. Nc2 e5 9. c4 d6 10. d3 f5 11. Bg5 h6 12. Bxe7 Qxe7 13. h4 a6 14. Ne3 b5 15. h5 f4 16. Nd5 Qf7 17. hxg6 Qxg6 18. Nb6 Rb8 19. Nxc8 Rfxc8 20. b3 a5 21. Nh4 Qf6 22. Nf5 a4 23. cxb5 Rxb5 24. d4 Rb4 25. Bc4+ Rxc4 26. bxc4 cxd4 27. Qe2 Ne7 28. Rxh6 Bxh6 29. Nxe7+ Qxe7 30. Qg4+ Kh7 31. Qxc8 Qh4 32. Qf5+ Kh8 33. Rb1 Qh1+ 34. Kc2 d3+ 35. Kb2 a3+ 36. Ka1 1-0

[Event "Titled Tuesday intern op 13th Jun Early"]
[Site "Chess.com INT"]
[Date "2023.06.13"]
[Round "3"]
[White "Zemlyanskii, Ivan"]
[Black "Chernobay, Artem"]
[Result "0-1"]
[WhiteElo "2312"]
[BlackElo "2484"]
[PlyCount "94"]
[EventDate "2023.06.13"]
[EventType "swiss (blitz)"]
[EventRounds "11"]
[EventCountry "USA"]
[SourceTitle "EXT 2024"]
[Source "ChessBase"]
[SourceDate "2023.10.10"]
[SourceVersion "1"]
[SourceVersionDate "2023.10.10"]
[SourceQuality "1"]

1. d4 Nf6 2. c4 g6 3. h4 Bg7 4. Nc3 d6 5. e4 0-0 6. Be2 c5 7. d5 e6 8. h5 exd5 9. exd5 a6 10. h6 Bh8 11. a4 Re8 12. Bg5 Qb6 13. b3 Bg4 14. Kf1 Bf5 15. Rc1 Qc7 16. g3 Ne4 17. Nxe4 Bxe4 18. Rh4 Bf5 19. Bd3 Bxd3+ 20. Qxd3 Nd7 21. Re4 Ne5 22. Qe2 Qd7 23. Re1 Kf8 24. Kg2 b5 25. cxb5 axb5 26. axb5 Rab8 27. b6 f6 28. Bd2 f5 29. Re3 Qf7 30. f4 Qxd5+ 31. Kh3 Qh1+ 32. Qh2 Qxh2+ 33. Kxh2 Ng4+ 34. Kg2 Nxe3+ 35. Bxe3 Rxb6 36. Nf3 Rxb3 37. Kf2 Rb2+ 38. Kf1 Bc3 39. Ng5 Bxe1 40. Nxh7+ Ke7 41. Bc1 Rb1 42. Ba3 Bxg3+ 43. Kg2 Bxf4 44. Ng5 Bxg5 45. h7 Bf6 46. Bxc5 dxc5 47. h8Q Rxh8 0-1

[Event "Titled Tuesday intern op 25th Apr Late"]
[Site "Chess.com INT"]
[Date "2023.04.25"]
[Round "8"]
[White "Aalto, Patrik"]
[Black "Chernobay, Artem"]
[Result "1-0"]
[WhiteElo "2251"]
[BlackElo "2484"]
[PlyCount "105"]
[EventDate "2023.04.25"]
[EventType "swiss (blitz)"]
[EventRounds "11"]
[EventCountry "USA"]
[SourceTitle "EXT 2024"]
[Source "ChessBase"]
[SourceDate "2023.10.10"]
[SourceVersion "1"]
[SourceVersionDate "2023.10.10"]
[SourceQuality "1"]

1. e4 c5 2. a3 g6 3. Nc3 Bg7 4. Bc4 Nc6 5. d3 e6 6. Ba2 Nge7 7. h4 h6 8. h5 g5 9. f4 gxf4 10. Bxf4 Nd4 11. Nf3 d6 12. Nxd4 cxd4 13. Ne2 Qb6 14. Qc1 Bd7 15. c4 dxc3 16. bxc3 Rc8 17. Be3 Qa5 18. Bd2 Qa6 19. Bc4 Rxc4 20. dxc4 Qxc4 21. Nd4 e5 22. Nf3 Qxe4+ 23. Kf2 Nf5 24. Qb1 Qd5 25. Be3 Nxe3 26. Kxe3 Qc5+ 27. Ke2 Bb5+ 28. Kd2 Qf2+ 29. Kc1 Qe3+ 30. Kb2 0-0 31. Re1 Qc5 32. Qc2 f5 33. a4 Bc4 34. Rad1 e4 35. Nd4 Bd3 36. Qb3+ Bc4 37. Qa3 Qb6+ 38. Qb4 Qc7 39. Re3 Kh7 40. Rg3 Be5 41. Rg6 Bd3 42. Ne6 Qf7 43. Nxf8+ Qxf8 44. Qxb7+ Kh8 45. Rb1 d5 46. Kc1 Bf4+ 47. Kd1 Be5 48. Qxd5 Bf6 49. Rb7 f4 50. Rf7 Qb8 51. Rxh6+ Kg8 52. Rfxf6+ Kg7 53. Qf7# 1-0

[Event "Titled Tuesday intern op 25th Apr Late"]
[Site "Chess.com INT"]
[Date "2023.04.25"]
[Round "5"]
[White "Chernobay, Artem"]
[Black "Baskakov, Egor"]
[Result "0-1"]
[WhiteElo "2484"]
[BlackElo "2215"]
[PlyCount "54"]
[EventDate "2023.04.25"]
[EventType "swiss (blitz)"]
[EventRounds "11"]
[EventCountry "USA"]
[SourceTitle "EXT 2024"]
[Source "ChessBase"]
[SourceDate "2023.10.10"]
[SourceVersion "1"]
[SourceVersionDate "2023.10.10"]
[SourceQuality "1"]

1. e4 c5 2. Nf3 Nf6 3. e5 Nd5 4. Ng5 e6 5. d4 cxd4 6. Qf3 f6 7. Bd3 g6 8. exf6 Qxf6 9. Qg3 Nc6 10. 0-0 Bg7 11. Na3 0-0 12. Nc4 e5 13. Ne4 Qe7 14. Bg5 Nf6 15. Ncd6 Nxe4 16. Nxe4 Qe6 17. Nc5 Qd5 18. Ne4 d6 19. Qh4 Bf5 20. Rae1 Nb4 21. Be7 Nxd3 22. cxd3 Rf7 23. Nxd6 Bxd3 24. Nxf7 Qxf7 25. Bd6 Bxf1 26. Kxf1 Qxa2 27. Rc1 Qa6+ 0-1

[Event "Titled Tuesday intern op 25th Apr Early"]
[Site "Chess.com INT"]
[Date "2023.04.25"]
[Round "1"]
[White "Szajbely, Zsigmond"]
[Black "Chernobay, Artem"]
[Result "0-1"]
[WhiteElo "2243"]
[BlackElo "2484"]
[PlyCount "54"]
[EventDate "2023.04.25"]
[EventType "swiss (blitz)"]
[EventRounds "11"]
[EventCountry "USA"]
[SourceTitle "EXT 2024"]
[Source "ChessBase"]
[SourceDate "2023.10.10"]
[SourceVersion "1"]
[SourceVersionDate "2023.10.10"]
[SourceQuality "1"]

1. e4 c5 2. Nf3 e6 3. d4 cxd4 4. Nxd4 Nf6 5. Nc3 Nc6 6. Qd3 Bb4 7. Bd2 0-0 8. a3 Bxc3 9. Bxc3 d5 10. exd5 Nxd5 11. Nxc6 bxc6 12. 0-0-0 Qb6 13. Bd4 c5 14. Bc3 Bb7 15. Qg3 Nxc3 16. Qxc3 Rab8 17. Bd3 Bd5 18. f3 Qc6 19. Rhe1 Qc7 20. Qe5 Qa5 21. h4 Rb6 22. Re2 Rfb8 23. c4 Bc6 24. Rdd2 Be8 25. Bb1 f6 26. Qc7 Rxb2 27. Rxb2 Qxc7 0-1

[Event "Titled Tuesday intern op 11th Apr Early"]
[Site "Chess.com INT"]
[Date "2023.04.11"]
[Round "9"]
[White "Chernobay, Artem"]
[Black "Bacrot, Etienne"]
[Result "1-0"]
[WhiteElo "2484"]
[BlackElo "2663"]
[PlyCount "71"]
[EventDate "2023.04.11"]
[EventType "swiss (blitz)"]
[EventRounds "11"]
[EventCountry "USA"]
[SourceTitle "CBM 213 Extra"]
[Source "ChessBase"]
[SourceDate "2023.05.31"]
[SourceVersion "1"]
[SourceVersionDate "2023.05.31"]
[SourceQuality "1"]

1. e4 c5 2. Nf3 d6 3. d4 cxd4 4. Nxd4 Nf6 5. Nc3 Nc6 6. Bg5 e6 7. Qd2 a6 8. 0-0-0 Bd7 9. f3 Nxd4 10. Qxd4 Be7 11. h4 b5 12. a3 Rc8 13. g4 Qc7 14. Be3 0-0 15. h5 e5 16. Qd2 Be6 17. g5 Nd7 18. g6 Nf6 19. h6 fxg6 20. hxg7 Rf7 21. Bh3 Qd7 22. Bxe6 Qxe6 23. Bh6 Ne8 24. Nd5 Bf6 25. Rh2 Bxg7 26. Rdh1 Nf6 27. Bxg7 Rxg7 28. Nxf6+ Qxf6 29. Rh3 Qe6 30. Kb1 Rf8 31. Qc3 Qc4 32. Qa5 Qc6 33. Qd2 Rgf7 34. Rh6 Rc8 35. Qh2 Rg7 36. Rxh7 1-0

[Event "Titled Tuesday intern op 11th Apr Early"]
[Site "Chess.com INT"]
[Date "2023.04.11"]
[Round "8"]
[White "Chernobay, Artem"]
[Black "Cattaneo, Marco"]
[Result "1-0"]
[WhiteElo "2484"]
[BlackElo "2251"]
[PlyCount "71"]
[EventDate "2023.04.11"]
[EventType "swiss (blitz)"]
[EventRounds "11"]
[EventCountry "USA"]
[SourceTitle "CBM 213 Extra"]
[Source "ChessBase"]
[SourceDate "2023.05.31"]
[SourceVersion "1"]
[SourceVersionDate "2023.05.31"]
[SourceQuality "1"]

1. e4 Nf6 2. e5 Nd5 3. d4 d6 4. Nf3 dxe5 5. Nxe5 c6 6. Be2 Bf5 7. 0-0 Nd7 8. Nf3 e6 9. a3 Bd6 10. c4 N5f6 11. Nh4 Bg6 12. Nc3 Qc7 13. g3 0-0 14. Nxg6 hxg6 15. Re1 Rfe8 16. c5 Bf8 17. Bf4 e5 18. dxe5 Nxe5 19. b4 Rad8 20. Qb3 Qc8 21. Bxe5 Rxe5 22. Bc4 Rxe1+ 23. Rxe1 Qc7 24. Qc2 Nd5 25. Nxd5 cxd5 26. Bb3 a5 27. Rd1 axb4 28. axb4 b6 29. c6 Bxb4 30. Bxd5 Kf8 31. Qc4 Bc5 32. Re1 Bd6 33. Rd1 Bc5 34. Qh4 f5 35. Qh8+ Ke7 36. Qxg7+ 1-0